Miejscowości z tramwajami w polsce - Statystyki

Ogólne statystyki
  • Ten quiz został rozwiązany 29 razy
  • Średni wynik to 20 z 32
Statystyki odpowiedzi
Miejscowości % Poprawnych
Łódź
100%
Szczecin
100%
Wrocław
100%
Gdańsk
96%
Katowice
96%
Kraków
96%
Olsztyn
96%
Warszawa
96%
Bydgoszcz
93%
Poznań
93%
Toruń
93%
Gliwice
85%
Chorzów
74%
Sosnowiec
74%
Zabrze
74%
Bytom
67%
Gorzów Wielkopolski
67%
Dąbrowa Górnicza
63%
Częstochowa
59%
Ruda Śląska
56%
Elbląg
48%
Będzin
44%
Grudziądz
44%
Czeladź
41%
Zgierz
41%
Pabianice
37%
Świętochłowice
37%
Mysłowice
19%
Konstantynów Łodzki
11%
Ksawerów
7%
Mrozy
7%
Siemanowice Śląskie
0%
Nie znaleziono quizów pasujących do podanych kryteriów
Rozkład punktacji
Procent ludzi z każdym wynikiem
Percentyl według liczby udzielonych odpowiedzi
Twoja historia wyników
Nie rozwiązałeś tego quizu